[Event "2BLN 1718 SV Glückauf Rüdersdorf - FC"]
[Site "?"]
[Date "2017.11.12"]
[Round "3.3"]
[White "Michna, Marta"]
[Black "Steczek, Marcin"]
[Result "1-0"]
[WhiteElo "2376"]
[BlackElo "2382"]
[PlyCount "93"]
[EventDate "2017.??.??"]

1. d4 Nf6 2. c3 b6 3. Nf3 Bb7 4. h3 e6 5. Bf4 Be7 6. Nbd2 c5 7. e3 O-O 8. Bd3
cxd4 9. exd4 d6 10. O-O Nbd7 11. Re1 Re8 12. a4 a6 13. Nc4 Qc7 14. Bh2 Bf8 15.
Qe2 Bc6 16. Nfd2 b5 17. axb5 axb5 18. Ne3 Qb6 19. b4 e5 20. d5 Nxd5 21. Nxd5
Bxd5 22. Bxb5 Bc6 23. Bd3 d5 24. Rxa8 Bxa8 25. Bf5 Nb8 26. Nf3 g6 27. Bc2 Bg7
28. Nd4 Rc8 29. Bxe5 Re8 30. f4 Nc6 31. Ba4 Nxd4 32. Qf2 Bc6 33. Bxc6 Qxc6 34.
Bxg7 Rxe1+ 35. Qxe1 Nf3+ 36. gxf3 Kxg7 37. Qe5+ f6 38. Qe7+ Kh6 39. Qe3 Kh5 40.
Kg2 Qa6 41. Qd2 Qc4 42. Qe3 Qa2+ 43. Kg3 f5 44. b5 Qb1 45. b6 Kh6 46. Kh4 d4
47. Qe7 1-0

[Event "2BLN 1718 SV Glückauf Rüdersdorf - FC"]
[Site "?"]
[Date "2017.11.12"]
[Round "3.4"]
[White "Janaszak, Dawid"]
[Black "Voigt, Martin"]
[Result "1-0"]
[WhiteElo "2367"]
[BlackElo "2346"]
[PlyCount "69"]
[EventDate "2017.??.??"]

1. Nc3 d5 2. d4 c6 3. e4 dxe4 4. Nxe4 Nf6 5. Nxf6+ exf6 6. c3 Bd6 7. Bd3 O-O 8.
Qc2 Re8+ 9. Ne2 Kh8 10. Be3 Nd7 11. O-O-O Nf8 12. Kb1 Be6 13. h4 b5 14. h5 a5
15. Rh4 a4 16. Rg1 Bc4 17. g4 h6 18. Rh3 Qe7 19. Bf5 Ne6 20. Bc1 b4 21. cxb4
Bxe2 22. Qxe2 Bxb4 23. Rd1 Nc7 24. Re3 Qd6 25. a3 Ba5 26. Bc2 Reb8 27. Qd3 g6
28. hxg6 f5 29. Rh3 fxg6 30. Rxh6+ Kg7 31. gxf5 Nd5 32. Rxg6+ Qxg6 33. fxg6 Bc3
34. Qf5 Rb7 35. Rh1 1-0

[Event "2BLN 1718 SV Glückauf Rüdersdorf - FC"]
[Site "?"]
[Date "2017.11.12"]
[Round "3.5"]
[White "Krause, Jonah"]
[Black "Dudzinski, Piotr"]
[Result "1/2-1/2"]
[WhiteElo "2354"]
[BlackElo "2310"]
[PlyCount "33"]
[EventDate "2017.??.??"]

1. d4 d5 2. c4 e6 3. Nf3 c6 4. e3 Nf6 5. b3 Be7 6. Bd3 O-O 7. O-O b6 8. Bb2 Bb7
9. Nc3 dxc4 10. Bxc4 Nbd7 11. Qe2 b5 12. Bd3 a6 13. Rfd1 Rc8 14. Rac1 c5 15.
dxc5 Rxc5 16. b4 Rc7 17. a4 {(=)} 1/2-1/2

[Event "2BLN 1718 SV Glückauf Rüdersdorf - FC"]
[Site "?"]
[Date "2017.11.12"]
[Round "3.6"]
[White "Sroczynski, Maciej"]
[Black "Jahncke, Giso"]
[Result "0-1"]
[WhiteElo "2314"]
[BlackElo "2366"]
[PlyCount "68"]
[EventDate "2017.??.??"]

1. d4 Nf6 2. Nf3 g6 3. c4 Bg7 4. Nc3 O-O 5. e4 d6 6. Be2 e5 7. O-O Nc6 8. d5
Ne7 9. Ne1 Nd7 10. Be3 f5 11. f3 f4 12. Bf2 g5 13. a4 a5 14. Nd3 b6 15. b4 axb4
16. Nxb4 Nf6 17. Ra3 Rf7 18. Qa1 g4 19. a5 g3 20. hxg3 fxg3 21. Bxg3 Rxa5 22.
Rxa5 bxa5 23. Qxa5 Nh5 24. Bh4 Bh6 25. f4 Nxf4 26. Bf3 Nfg6 27. Bf2 Rxf3 28.
gxf3 Nc6 29. Nxc6 Qg5+ 30. Kh1 Qh5+ 31. Kg1 Bh3 32. Qa8+ Kg7 33. Bg3 Be3+ 34.
Rf2 Qxf3 0-1

[Event "2BLN 1718 SV Glückauf Rüdersdorf - FC"]
[Site "?"]
[Date "2017.11.12"]
[Round "3.7"]
[White "Stenner, Patrick"]
[Black "Wlodarczyk, Oskar"]
[Result "1/2-1/2"]
[WhiteElo "2223"]
[BlackElo "2278"]
[PlyCount "84"]
[EventDate "2017.??.??"]

1. e4 e5 2. d4 exd4 3. Nf3 Bb4+ 4. Bd2 Bc5 5. Bc4 Nf6 6. O-O O-O 7. Bg5 h6 8.
Bh4 Be7 9. e5 Nh7 10. Bg3 c5 11. c3 Qb6 12. cxd4 Qxb2 13. Nbd2 cxd4 14. Rb1 Qc3
15. Rb3 Qa5 16. Nxd4 Nc6 17. Rb5 Qd8 18. Nf5 Ng5 19. Qh5 d5 20. exd6 Bxf5 21.
Rxf5 Bf6 22. h4 Nh7 23. Ne4 Nd4 24. Nxf6+ Nxf6 25. Rxf6 Qxf6 26. Be5 Qf5 27.
Qxf5 Nxf5 28. Rd1 Rac8 29. d7 Rxc4 30. d8=Q Rxd8 31. Rxd8+ Kh7 32. Rd7 Nxh4 33.
Rxf7 Rg4 34. Kf1 Nxg2 35. Rxb7 a5 36. Ra7 a4 37. f3 Rg5 38. f4 Nxf4 39. Bxf4
Rf5 40. Rxa4 g5 41. Kg2 gxf4 42. Kf3 Kg6 1/2-1/2

[Event "2BLN 1718 SV Glückauf Rüdersdorf - FC"]
[Site "?"]
[Date "2017.11.12"]
[Round "3.8"]
[White "Dudzinski, Pawel"]
[Black "Mitscherling, Andreas"]
[Result "1/2-1/2"]
[WhiteElo "2238"]
[BlackElo "2175"]
[PlyCount "41"]
[EventDate "2017.??.??"]

1. e4 e6 2. d4 d5 3. Nd2 Be7 4. Ngf3 Nf6 5. Bd3 c5 6. exd5 Qxd5 7. Bc4 Qh5 8.
O-O O-O 9. dxc5 Qxc5 10. Qe2 Qc7 11. Ne4 Nc6 12. Bg5 e5 13. Nxf6+ Bxf6 14. Bxf6
gxf6 15. c3 Ne7 16. Nh4 Ng6 17. Nxg6 hxg6 18. Rad1 Kg7 19. Bd5 Be6 20. Bxe6
fxe6 21. f4 1/2-1/2

[Event "2BLN 1718 SK König Tegel - SF Berlin I"]
[Site "?"]
[Date "2017.11.12"]
[Round "3.1"]
[White "Polzin, Rainer"]
[Black "Stern, Rene"]
[Result "1/2-1/2"]
[WhiteElo "2396"]
[BlackElo "2522"]
[PlyCount "122"]
[EventDate "2017.??.??"]

1. e4 e5 2. Nf3 Nc6 3. Bb5 a6 4. Ba4 Nf6 5. O-O Be7 6. d3 b5 7. Bb3 d6 8. a4
Bd7 9. c3 Na5 10. Ba2 c5 11. Bg5 O-O 12. Na3 bxa4 13. Bxf6 Bxf6 14. Nd2 Bg5 15.
Ndc4 Nxc4 16. Bxc4 Kh8 17. Bd5 Rb8 18. Nc4 Qe7 19. Rxa4 Bxa4 20. Qxa4 f5 21.
Qxa6 fxe4 22. dxe4 Rf6 23. Qa4 Rh6 24. Ra1 Rf8 25. Qd1 Bf4 26. g3 Qd7 27. Qf1
Bg5 28. Ra8 Rxa8 29. Bxa8 Rf6 30. Bd5 Qa4 31. Qb1 Qa7 32. Kg2 g6 33. f3 h5 34.
b4 cxb4 35. cxb4 Be3 36. b5 Bb6 37. Qc1 Kg7 38. Qa3 Qb8 39. Qa6 Bc5 40. Qb7+
Qxb7 41. Bxb7 g5 42. h3 g4 43. hxg4 hxg4 44. f4 exf4 45. gxf4 Rxf4 46. Kg3 Rf3+
47. Kxg4 Rb3 48. Kf5 Rxb5 49. Bd5 Rb1 50. Ke6 Rg1 51. Kd7 Rg6 52. Be6 Kf6 53.
Bd5 Kg5 54. Be6 Kf4 55. Bd5 Bb4 56. Kc6 Rh6 57. Kd7 Kg3 58. Be6 Kf3 59. Nxd6
Rh7+ 60. Kc6 Kf4 61. Nf7 Rxf7 1/2-1/2

[Event "2BLN 1718 SK König Tegel - SF Berlin I"]
[Site "?"]
[Date "2017.11.12"]
[Round "3.2"]
[White "Rabiega, Robert"]
[Black "Ahmadinia, Ebrahim"]
[Result "1/2-1/2"]
[WhiteElo "2516"]
[BlackElo "2400"]
[PlyCount "104"]
[EventDate "2017.??.??"]

1. e4 d6 2. d4 Nf6 3. Nc3 g6 4. g3 Bg7 5. Bg2 O-O 6. Nge2 Nbd7 7. O-O c5 8. d5
a6 9. a4 b6 10. h3 Rb8 11. g4 b5 12. axb5 axb5 13. Ng3 b4 14. Nce2 Qb6 15. Be3
Ba6 16. f4 Ne8 17. Qc1 Nc7 18. Kh1 Ra8 19. Bf3 Bc4 20. Rxa8 Rxa8 21. Rd1 Ra2
22. b3 Ba6 23. Qd2 Nb5 24. e5 dxe5 25. fxe5 Bxe5 26. Ne4 Nd6 27. N2g3 Qa5 28.
Bf4 Ra1 29. Kg2 Rxd1 30. Bxd1 Qa1 31. Bf3 Nxe4 32. Bxe4 Bd4 33. Be3 Bxe3 34.
Qxe3 Qe5 35. Kf2 Nf6 36. Bf3 Qd6 37. g5 Nxd5 38. Bxd5 Qxd5 39. Qxe7 Bb7 40. Ne2
Qf5+ 41. Ke3 Bc8 42. Nf4 Kg7 43. h4 h6 44. Nd3 hxg5 45. hxg5 Qh3+ 46. Kd2 Bf5
47. Qe5+ Kh7 48. Qd5 Kg7 49. Qe5+ Kg8 50. Qe8+ Kg7 51. Qe5+ Kh7 52. Qd5 Kg7
1/2-1/2

[Event "2BLN 1718 SK König Tegel - SF Berlin I"]
[Site "?"]
[Date "2017.11.12"]
[Round "3.3"]
[White "Rudolf, Henrik"]
[Black "Richter, Michael"]
[Result "1/2-1/2"]
[WhiteElo "2321"]
[BlackElo "2498"]
[PlyCount "90"]
[EventDate "2017.??.??"]

1. e4 e6 2. d4 d5 3. Nc3 Nf6 4. Bg5 Be7 5. e5 Nfd7 6. Bxe7 Qxe7 7. f4 a6 8. Qd2
b5 9. a3 Nb6 10. Nf3 Bb7 11. Qf2 N8d7 12. b4 Nc4 13. Bd3 g6 14. O-O Ndb6 15. g4
h5 16. gxh5 Rxh5 17. Ne2 a5 18. c3 Rh6 19. h4 Bc6 20. Kg2 Kd7 21. Rh1 Kc8 22.
h5 gxh5 23. f5 Kb7 24. f6 Qf8 25. Kh3 Rh8 26. Ng5 Rg8 27. Qf4 Bd7 28. Rhg1 Qe8
29. Kh4 Rh8 30. Nh7 Na4 31. bxa5 Nab2 32. Bc2 Rxa5 33. Qc1 Qa8 34. Rg7 Be8 35.
Ra2 Na4 36. Ng5 Qa7 37. Bxa4 Rxa4 38. Nxf7 Bxf7 39. Rxf7 Nxe5 40. Rxc7+ Kxc7
41. Qf4 Kc6 42. Qxe5 Qf7 43. Ng1 Qg8 44. Rg2 Qxg2 45. Qxe6+ Kc7 1/2-1/2

[Event "2BLN 1718 SK König Tegel - SF Berlin I"]
[Site "?"]
[Date "2017.11.12"]
[Round "3.4"]
[White "Moreno Tejera, Emilio"]
[Black "Nogly, Christoph"]
[Result "1/2-1/2"]
[WhiteElo "2433"]
[BlackElo "2251"]
[PlyCount "71"]
[EventDate "2017.??.??"]

1. e4 e5 2. Nf3 Nc6 3. Bc4 Bc5 4. O-O d6 5. c3 Nf6 6. d3 O-O 7. Nbd2 a6 8. Bb3
Ba7 9. h3 h6 10. Re1 Re8 11. Nf1 Be6 12. Be3 Bxb3 13. Qxb3 Bxe3 14. Nxe3 Rb8
15. a4 Nh5 16. g3 Qd7 17. Kh2 Kh7 18. Nh4 g6 19. Nd5 Kg7 20. Qd1 Ne7 21. Nxe7
Rxe7 22. Nf5+ gxf5 23. Qxh5 fxe4 24. dxe4 Qe6 25. Qg4+ Qxg4 26. hxg4 Rh8 27.
Kg2 h5 28. gxh5 Rxh5 29. Rh1 Rxh1 30. Rxh1 Rd7 31. c4 a5 32. f4 exf4 33. gxf4
Rd8 34. Rh5 b6 35. Kf3 Kf6 36. Rh6+ 1/2-1/2

[Event "2BLN 1718 SK König Tegel - SF Berlin I"]
[Site "?"]
[Date "2017.11.12"]
[Round "3.5"]
[White "Chatzidakis, Mihail Dr"]
[Black "Muse, Mladen"]
[Result "1/2-1/2"]
[WhiteElo "2314"]
[BlackElo "2391"]
[PlyCount "71"]
[EventDate "2017.??.??"]

1. e4 g6 2. d4 c6 3. Nc3 d5 4. Be3 dxe4 5. Nxe4 Nh6 6. Nf3 Nf5 7. Bf4 Bg7 8. c3
O-O 9. Bd3 Nd7 10. O-O Nb6 11. Ng3 Nd5 12. Bd2 Nxg3 13. hxg3 Bg4 14. Re1 a5 15.
Be4 Nf6 16. Bc2 e6 17. Qc1 Bxf3 18. gxf3 c5 19. dxc5 Qd5 20. Kg2 Qxc5 21. Bh6
Rfd8 22. Bxg7 Kxg7 23. Qf4 Rd5 24. Rad1 Rad8 25. Rxd5 Rxd5 26. Rd1 Rxd1 27.
Bxd1 b5 28. a4 Qd5 29. Be2 e5 30. Qh4 Qd2 31. Bxb5 Qxb2 32. Qc4 Qd2 33. Qc7 e4
34. fxe4 Nxe4 35. Qe5+ Nf6 36. Kg1 1/2-1/2

[Event "2BLN 1718 SK König Tegel - SF Berlin I"]
[Site "?"]
[Date "2017.11.12"]
[Round "3.6"]
[White "Bruedigam, Martin"]
[Black "Florstedt, Johannes"]
[Result "1-0"]
[WhiteElo "2402"]
[BlackElo "2243"]
[PlyCount "83"]
[EventDate "2017.??.??"]

1. e4 c5 2. Nf3 e6 3. g3 d5 4. exd5 exd5 5. d4 Nc6 6. Bg2 Bg4 7. O-O cxd4 8.
Re1+ Be7 9. b4 Nxb4 10. Qxd4 Be6 11. c3 Nc6 12. Qxg7 Bf6 13. Qg4 Nge7 14. Qh5
Qd7 15. Bg5 Bg7 16. Bh6 Bg4 17. Qg5 Bxh6 18. Qxh6 O-O-O 19. Nbd2 Qd6 20. Qe3
Rhe8 21. Nd4 Nf5 22. Nxf5 Bxf5 23. Qg5 Rxe1+ 24. Rxe1 Be6 25. Nb3 Qa3 26. Qd2
a5 27. h4 Kb8 28. Re3 a4 29. Nd4 Nxd4 30. cxd4 Qd6 31. Qa5 Rc8 32. Qxa4 Rc4 33.
Qd1 Qb4 34. Rd3 Qb2 35. Qd2 Rc1+ 36. Kh2 Rc2 37. Qf4+ Kc8 38. Rf3 Qxa2 39. Bh3
Bxh3 40. Kxh3 Rc7 41. Qd6 b5 42. Ra3 1-0

[Event "2BLN 1718 SK König Tegel - SF Berlin I"]
[Site "?"]
[Date "2017.11.12"]
[Round "3.7"]
[White "Lundin, Jan"]
[Black "Fruebing, Stefan"]
[Result "1/2-1/2"]
[WhiteElo "2312"]
[BlackElo "2414"]
[PlyCount "103"]
[EventDate "2017.??.??"]

1. f4 Nf6 2. Nf3 g6 3. g3 Bg7 4. Bg2 O-O 5. O-O d6 6. d3 Nc6 7. e4 e5 8. Nc3
Ne7 9. Kh1 Nd7 10. Nh4 exf4 11. Bxf4 Nc6 12. Qd2 Nde5 13. Bh6 f6 14. Bxg7 Kxg7
15. Nd5 Be6 16. d4 Ng4 17. h3 Nh6 18. Ne3 Ne7 19. c4 Qd7 20. g4 Rae8 21. d5
Bxg4 22. hxg4 Nxg4 23. Nf3 Nxe3 24. Qxe3 Nf5 25. Qf2 Rxe4 26. Nd2 Re2 27. Qf4
Ne3 28. Rf2 Nxg2 29. Kxg2 Qe7 30. Raf1 Re8 31. Rxe2 Qxe2+ 32. Rf2 Qe5 33. Nb3
Qxf4 34. Rxf4 Re2+ 35. Rf2 Re4 36. c5 f5 37. Rd2 Kf6 38. Nd4 a6 39. Ne6 Rc4 40.
b4 Rxb4 41. Nxc7 dxc5 42. Ne6 c4 43. d6 c3 44. d7 cxd2 45. d8=Q+ Kxe6 46. Qxd2
Rg4+ 47. Kf3 b5 48. Qh6 Ra4 49. Qxh7 Kf6 50. Qh8+ Kf7 51. Qd8 Kg7 52. Qe7+
1/2-1/2

[Event "2BLN 1718 SK König Tegel - SF Berlin I"]
[Site "?"]
[Date "2017.11.12"]
[Round "3.8"]
[White "Muse, Drazen"]
[Black "Brettschneider, Stefan"]
[Result "1-0"]
[WhiteElo "2356"]
[BlackElo "2260"]
[PlyCount "71"]
[EventDate "2017.??.??"]

1. Nf3 Nf6 2. c4 g6 3. Nc3 d5 4. cxd5 Nxd5 5. Qa4+ c6 6. Qd4 f6 7. e4 Nb6 8.
Qxd8+ Kxd8 9. d4 Bg7 10. Be3 Bg4 11. Be2 N8d7 12. Ng5 fxg5 13. Bxg4 Nc4 14. O-O
Nf6 15. Be6 Nxe3 16. fxe3 Ne8 17. Rf7 Nc7 18. Bb3 Bh6 19. g4 Kd7 20. e5 Raf8
21. Raf1 Rxf7 22. Rxf7 Kd8 23. Kg2 b6 24. Ne4 Ne8 25. h3 Nc7 26. a4 Nd5 27.
Bxd5 cxd5 28. Nc3 Kd7 29. Rf2 Ke6 30. Nb5 Rc8 31. Nxa7 Rc4 32. Nb5 Bg7 33. Nc3
h5 34. Kf3 Rb4 35. Rg2 h4 36. Rd2 1-0

[Event "2BLN 1718 Turm Kiel - SV Glückauf Rüd"]
[Site "?"]
[Date "2017.12.10"]
[Round "4.1"]
[White "Kanarek, Marcel"]
[Black "Salgado Lopez, Ivan"]
[Result "0-1"]
[WhiteElo "2505"]
[BlackElo "2644"]
[PlyCount "82"]
[EventDate "2017.??.??"]

1. c4 e6 2. Nc3 Nf6 3. e4 d5 4. e5 d4 5. exf6 dxc3 6. bxc3 Qxf6 7. d4 Nc6 8.
Nf3 e5 9. Bg5 Qg6 10. h4 exd4 11. Bd3 Bf5 12. Bxf5 Qxf5 13. O-O f6 14. Re1+ Be7
15. Nxd4 Nxd4 16. Qxd4 Rd8 17. Qe3 O-O 18. Qxe7 fxg5 19. Re2 gxh4 20. Qxh4 Rd6
21. Rae1 h6 22. Qe4 Qxe4 23. Rxe4 Rd2 24. R1e2 Rxe2 25. Rxe2 Rf5 26. Rb2 b6 27.
Rb5 Rf4 28. c5 Rf5 29. a4 Rxc5 30. Rxc5 bxc5 31. Kf1 Kf7 32. Ke2 Ke6 33. Kd3
Kd5 34. c4+ Ke5 35. Ke3 h5 36. f4+ Kf5 37. Kf3 a5 38. Kg3 g6 39. Kf3 h4 40. g4+
hxg3 41. Kxg3 g5 0-1

[Event "2BLN 1718 Turm Kiel - SV Glückauf Rüd"]
[Site "?"]
[Date "2017.12.10"]
[Round "4.2"]
[White "Dziuba, Marcin"]
[Black "Janaszak, Dawid"]
[Result "1-0"]
[WhiteElo "2584"]
[BlackElo "2372"]
[PlyCount "121"]
[EventDate "2017.??.??"]

1. Nf3 g6 2. c4 Nf6 3. Nc3 Bg7 4. e4 c5 5. d4 cxd4 6. Nxd4 O-O 7. Be2 Nc6 8.
Be3 d6 9. O-O Bd7 10. Rc1 a6 11. Nb3 Be6 12. f3 Nd7 13. f4 f5 14. exf5 gxf5 15.
Kh1 Rc8 16. Rf3 Nf6 17. Bg1 Kh8 18. Rg3 Qe8 19. c5 Rd8 20. Qe1 Bxb3 21. axb3 d5
22. Rh3 Qg6 23. Nd1 Ne4 24. Bh5 Qh6 25. Qf1 Nd2 26. Qd3 Ne4 27. Qf1 Nd2 28. Qd3
Ne4 29. Qf1 Nd2 30. Qe2 Qxf4 31. Bg6 h6 32. Ne3 Ne4 33. Rf1 Qg5 34. Bxf5 Nd4
35. Qh5 Qxh5 36. Rxh5 Nxc5 37. b4 Nxf5 38. Nxf5 Nd3 39. Rf3 Nxb4 40. Bd4 Rxf5
41. Bxg7+ Kxg7 42. Rhxf5 Nc6 43. Rg3+ Kh8 44. Kg1 d4 45. Kf2 Rd6 46. Ke2 a5 47.
h4 e5 48. Rg4 Re6 49. h5 e4 50. Rf8+ Kh7 51. Rf7+ Kh8 52. Rg6 Re8 53. Rxh6+ Kg8
54. Rfh7 Re5 55. Rxb7 Nb4 56. Rd6 d3+ 57. Ke3 Re8 58. Rdd7 Nc2+ 59. Kf4 e3 60.
h6 e2 61. Rg7+ 1-0

[Event "2BLN 1718 Turm Kiel - SV Glückauf Rüd"]
[Site "?"]
[Date "2017.12.10"]
[Round "4.3"]
[White "Dudzinski, Piotr"]
[Black "Glud, Jakob Vang"]
[Result "0-1"]
[WhiteElo "2325"]
[BlackElo "2520"]
[PlyCount "104"]
[EventDate "2017.??.??"]

1. e4 e5 2. Nf3 Nc6 3. Bc4 Bc5 4. c3 Nf6 5. d3 a6 6. O-O Ba7 7. Bb3 d6 8. Nbd2
O-O 9. h3 h6 10. Nc4 Be6 11. Ne3 Re8 12. Nf5 d5 13. Ng3 Qd7 14. Be3 dxe4 15.
dxe4 Bxe3 16. fxe3 Rad8 17. Qe2 Bxb3 18. axb3 Qd3 19. Qf2 Nxe4 20. Nxe4 Qxe4
21. Nh4 Qd5 22. Qg3 Ne7 23. Ra4 Rd6 24. Rg4 g5 25. Nf5 Nxf5 26. Rxf5 Qd3 27.
Rxe5 Rxe5 28. Qxe5 Re6 29. Qxc7 Rxe3 30. Kh2 Re1 31. Qc8+ Kg7 32. Qc5 Qb1 33.
Kg3 Re2 34. Qd4+ f6 35. h4 Qf5 36. hxg5 hxg5 37. Kh2 Rxb2 38. b4 Re2 39. Rg3
Re7 40. Qd6 Qe6 41. Rd3 Kg6 42. Qxe6 Rxe6 43. Rd7 b5 44. Rc7 Kf5 45. Kg3 Re3+
46. Kf2 Kf4 47. Rc6 f5 48. Rxa6 Rxc3 49. Rb6 g4 50. Rxb5 g3+ 51. Kf1 Rc1+ 52.
Ke2 Rg1 0-1

[Event "2BLN 1718 Turm Kiel - SV Glückauf Rüd"]
[Site "?"]
[Date "2017.12.10"]
[Round "4.4"]
[White "Pakleza, Zbigniew"]
[Black "Sroczynski, Maciej"]
[Result "1/2-1/2"]
[WhiteElo "2498"]
[BlackElo "2309"]
[PlyCount "123"]
[EventDate "2017.??.??"]

1. d4 Nf6 2. Nf3 g6 3. e3 Bg7 4. Be2 c5 5. O-O O-O 6. c4 d5 7. b3 Nc6 8. Bb2
Ne4 9. Nbd2 Bf5 10. Rc1 cxd4 11. Nxd4 Nxd4 12. Bxd4 e5 13. Nxe4 exd4 14. Ng3
Be6 15. exd4 dxc4 16. Bxc4 Bxc4 17. Rxc4 Qd5 18. Qc2 Rad8 19. Rd1 b6 20. a4 Rd7
21. Ne2 Rfd8 22. Rc8 Bf6 23. Kf1 Kg7 24. Rxd8 Rxd8 25. Qc4 Qe5 26. Kg1 h5 27.
h3 Qf5 28. d5 Qe5 29. Ng3 Be7 30. Nf1 Bd6 31. g3 a5 32. Qd4 Qxd4 33. Rxd4 Bc5
34. Rd3 Kf6 35. Nd2 Ke5 36. d6 Ke6 37. Nc4 f6 38. Kg2 Kd7 39. Rf3 Ke6 40. g4
hxg4 41. hxg4 Rb8 42. Rd3 Rb7 43. Rd1 Rh7 44. f4 Rd7 45. Kf3 Rh7 46. g5 fxg5
47. fxg5 Rh3+ 48. Kg4 Rh7 49. Rf1 Rd7 50. Rf8 Kd5 51. Rb8 Kd4 52. Nxb6 Rxd6 53.
Nc4 Ra6 54. Rc8 Bb4 55. Nb2 Re6 56. Rc4+ Kd5 57. Nd3 Kd6 58. Kf3 Re8 59. Nf2
Rf8+ 60. Ke2 Rb8 61. Rc2 Re8+ 62. Kf3 1/2-1/2

[Event "2BLN 1718 Turm Kiel - SV Glückauf Rüd"]
[Site "?"]
[Date "2017.12.10"]
[Round "4.5"]
[White "Wlodarczyk, Oskar"]
[Black "Bromann, Thorbjorn"]
[Result "1/2-1/2"]
[WhiteElo "2280"]
[BlackElo "2385"]
[PlyCount "89"]
[EventDate "2017.??.??"]

1. e4 e6 2. d4 d5 3. Nc3 Nf6 4. Bg5 dxe4 5. Nxe4 Nbd7 6. Nf3 h6 7. Nxf6+ Nxf6
8. Bh4 c5 9. Bd3 cxd4 10. O-O Bc5 11. Qe2 Be7 12. Rfd1 Nd7 13. Bxe7 Qxe7 14.
Qe4 Qc5 15. Nxd4 Qe5 16. Nb5 Qxe4 17. Bxe4 Ke7 18. Rd2 f5 19. Bf3 Ne5 20. Be2
Rd8 21. Rxd8 Kxd8 22. f4 Nf7 23. Bf3 Ke7 24. Re1 Nd8 25. Re3 Bd7 26. Nd4 Kf6
27. Rb3 Rb8 28. Ra3 a6 29. Rb3 b6 30. Re3 g5 31. g3 Rc8 32. c3 Nf7 33. Bb7 Rc4
34. Bxa6 Ra4 35. Bf1 Rxa2 36. Nxe6 Rxb2 37. Nc7 Rd2 38. Bd3 Kg7 39. Nd5 b5 40.
Nc7 Rd1+ 41. Bf1 Rb1 42. Re7 Bc6 43. Kf2 Rc1 44. Bxb5 Rxc3 45. Bxc6 1/2-1/2

[Event "2BLN 1718 Turm Kiel - SV Glückauf Rüd"]
[Site "?"]
[Date "2017.12.10"]
[Round "4.6"]
[White "Hoi, Carsten"]
[Black "Dudzinski, Pawel"]
[Result "1-0"]
[WhiteElo "2353"]
[BlackElo "2241"]
[PlyCount "145"]
[EventDate "2017.??.??"]

1. c4 e5 2. e3 Nc6 3. d4 exd4 4. exd4 d5 5. Nf3 Bg4 6. Be2 dxc4 7. O-O Bd6 8.
Bxc4 Qf6 9. Bg5 Qf5 10. Re1+ Kf8 11. Bd3 Qxg5 12. Nxg5 Bxd1 13. Rxd1 Be7 14.
Nf3 Bf6 15. Be4 Nge7 16. Nc3 Rd8 17. Nb5 Nd5 18. Rac1 Ke7 19. Re1 Kf8 20. Bxd5
Rxd5 21. Nxc7 Rd8 22. Ne5 Bxe5 23. dxe5 Rd2 24. e6 fxe6 25. Nxe6+ Kf7 26. Ng5+
Kg6 27. Re6+ Kh5 28. Ne4 Rd5 29. Ng3+ Kg5 30. h3 g6 31. Rce1 Rhd8 32. Ne4+ Kh6
33. Kh2 Nb4 34. Nf6 Nd3 35. Nxd5 Nxe1 36. Nf6 Nd3 37. Ng4+ Kg5 38. Kg3 Rd7 39.
f4+ Kf5 40. Re2 h5 41. Ne3+ Ke4 42. Nc4+ Kf5 43. Kf3 Rd4 44. g4+ hxg4+ 45.
hxg4+ Kf6 46. g5+ Kf7 47. Re4 Ne1+ 48. Rxe1 Rxc4 49. Rh1 Rb4 50. b3 a5 51. Kg4
a4 52. Rh3 b5 53. Rc3 Rd4 54. Kf3 Rd2 55. bxa4 bxa4 56. a3 Ra2 57. Ke4 Ke6 58.
Rc7 Re2+ 59. Kf3 Ra2 60. Rg7 Rxa3+ 61. Ke4 Rb3 62. Rxg6+ Kf7 63. Ra6 Rb4+ 64.
Kf5 Rb5+ 65. Kg4 Rb4 66. g6+ Kg7 67. Kg5 Rb8 68. Ra7+ Kg8 69. f5 Rb5 70. Kh6
Rxf5 71. Ra8+ Rf8 72. Rxf8+ Kxf8 73. Kh7 1-0

[Event "2BLN 1718 Turm Kiel - SV Glückauf Rüd"]
[Site "?"]
[Date "2017.12.10"]
[Round "4.7"]
[White "Szadkowski, Kamil"]
[Black "Berg, Klaus"]
[Result "1/2-1/2"]
[WhiteElo "2291"]
[BlackElo "2323"]
[PlyCount "47"]
[EventDate "2017.??.??"]

1. e4 c6 2. d4 d5 3. exd5 cxd5 4. c4 Nf6 5. Nc3 Nc6 6. Bg5 e6 7. Nf3 Be7 8. c5
O-O 9. Bb5 Ne4 10. Bxe7 Nxe7 11. O-O Nxc3 12. bxc3 b6 13. cxb6 axb6 14. Qe2 Qc7
15. Rfc1 Bb7 16. a4 Bc6 17. Ne5 Bxb5 18. axb5 Rxa1 19. Rxa1 Qxc3 20. Qd1 Rc8
21. g3 f6 22. Nc6 Nxc6 23. Rc1 Qa5 24. Rxc6 1/2-1/2

[Event "2BLN 1718 Turm Kiel - SV Glückauf Rüd"]
[Site "?"]
[Date "2017.12.10"]
[Round "4.8"]
[White "Boe, Mads"]
[Black "Szyszylo, Rafal"]
[Result "0-1"]
[WhiteElo "2292"]
[BlackElo "2236"]
[PlyCount "112"]
[EventDate "2017.??.??"]

1. d4 g6 2. Nf3 Bg7 3. c3 d6 4. Bg5 Nd7 5. e3 Ngf6 6. Bd3 O-O 7. O-O e5 8. Nbd2
Re8 9. e4 a6 10. a4 b6 11. Re1 Bb7 12. Qc2 h6 13. Bh4 Rc8 14. dxe5 Nxe5 15.
Nxe5 dxe5 16. Red1 Qd7 17. f3 Rcd8 18. Nf1 Qe7 19. Ne3 Qc5 20. Bf2 Qe7 21. b4
h5 22. Rab1 Bh6 23. Qe2 Ra8 24. Bc4 a5 25. Bb5 c6 26. Bd3 axb4 27. Rxb4 Bf8 28.
Rxb6 Rxa4 29. Rdb1 Ba8 30. Nc4 Nd7 31. R6b2 Nc5 32. Bc2 Ra7 33. Nb6 Rc7 34. Qc4
Bb7 35. Na4 Ne6 36. Nb6 Rd8 37. Na4 Ra8 38. Qe2 Ba6 39. Qe1 Bb5 40. Nb6 Rd8 41.
Rxb5 cxb5 42. Nd5 Rxd5 43. exd5 Nf4 44. Rd1 Rxc3 45. Bb1 Qg5 46. Qf1 Rxf3 47.
Kh1 Qg4 48. Rd2 Rc3 49. Bg3 Ba3 50. Bc2 Bd6 51. Bd1 Rc1 52. Kg1 Qg5 53. Kh1 b4
54. Qe1 b3 55. Bh4 Qf5 56. Qe3 b2 0-1

[Event "2BLN 1718 SK Union Oldenburg - SF Berli"]
[Site "?"]
[Date "2017.12.10"]
[Round "4.1"]
[White "Polzin, Rainer"]
[Black "Breutigam, Martin"]
[Result "1/2-1/2"]
[WhiteElo "2404"]
[BlackElo "2384"]
[PlyCount "121"]
[EventDate "2017.??.??"]

1. e4 e5 2. Nf3 Nc6 3. Bb5 Nge7 4. c3 g6 5. d4 exd4 6. cxd4 a6 7. Ba4 b5 8. Bb3
Bg7 9. d5 Na5 10. Bd2 Nxb3 11. axb3 O-O 12. Bc3 f5 13. Bxg7 Kxg7 14. Nc3 Bb7
15. Qd4+ Kg8 16. e5 b4 17. Qxb4 Bxd5 18. Nxd5 Nxd5 19. Qc4 c6 20. O-O Qe7 21.
Rfe1 Rab8 22. e6 Rb4 23. Qc2 dxe6 24. Rxa6 Rf4 25. Qxc6 Nb4 26. Qxe6+ Qxe6 27.
Raxe6 Nd3 28. R1e3 Nxb2 29. Rb6 Re4 30. Rc3 Rd8 31. h3 Rd1+ 32. Kh2 Re7 33. Rc2
Nd3 34. g3 Kg7 35. b4 Ne1 36. Nxe1 Rdxe1 37. Rb2 R1e2 38. Rxe2 Rxe2 39. Kg2 Rb2
40. b5 g5 41. g4 f4 42. Kf3 h6 43. Rb7+ Kf6 44. b6 Kg6 45. Rb8 Kg7 46. Kg2 Rb3
47. f3 Rb2+ 48. Kf1 Rb3 49. Ke2 Re3+ 50. Kf2 Rb3 51. b7 Rb2+ 52. Ke1 Kh7 53.
Kd1 Kg7 54. Kc1 Rb6 55. Kc2 Rb5 56. Kc3 Rb1 57. Kc4 Rc1+ 58. Kd5 Rd1+ 59. Ke6
Re1+ 60. Kd6 Rd1+ 61. Ke6 1/2-1/2

[Event "2BLN 1718 SK Union Oldenburg - SF Berli"]
[Site "?"]
[Date "2017.12.10"]
[Round "4.2"]
[White "Bredemeier, Dirk"]
[Black "Ahmadinia, Ebrahim"]
[Result "1/2-1/2"]
[WhiteElo "2307"]
[BlackElo "2414"]
[PlyCount "95"]
[EventDate "2017.??.??"]

1. c4 c6 2. g3 d5 3. Nf3 Nf6 4. Bg2 dxc4 5. Qc2 Qd5 6. Na3 Be6 7. O-O Na6 8. b3
cxb3 9. axb3 Qxb3 10. Qxb3 Bxb3 11. Rb1 Bd5 12. Rxb7 Nd7 13. Nd4 Ndc5 14. Rb1
Kd7 15. Nc4 f6 16. Na5 Bxg2 17. Kxg2 e5 18. Ndxc6 Bd6 19. d4 exd4 20. Nxd4 Rhc8
21. Rd1 Ke8 22. Nf5 Bf8 23. Bf4 Rd8 24. Nd4 Rd7 25. Ndc6 Rxd1 26. Rxd1 Ne6 27.
Bd6 Nac5 28. Bxf8 Kxf8 29. f3 a6 30. Kf2 Rc8 31. Ke3 Ke8 32. Rd6 Rc7 33. Nb4
Rd7 34. Rb6 Ra7 35. f4 f5 36. h3 Kf7 37. g4 g6 38. Nac6 Ra8 39. Na5 Re8 40.
gxf5 gxf5 41. Nc4 Ra8 42. Nc6 Rg8 43. Nd6+ Kf6 44. Kf3 Rg1 45. Ne8+ Kf7 46.
Nd6+ Kf6 47. Ne8+ Kf7 48. Nd6+ 1/2-1/2

[Event "2BLN 1718 SK Union Oldenburg - SF Berli"]
[Site "?"]
[Date "2017.12.10"]
[Round "4.3"]
[White "Rudolf, Henrik"]
[Black "Mueer, Sebastian"]
[Result "0-1"]
[WhiteElo "2330"]
[BlackElo "2253"]
[PlyCount "58"]
[EventDate "2017.??.??"]

1. e4 c5 2. Nf3 Nc6 3. d4 cxd4 4. Nxd4 g6 5. Nc3 Bg7 6. Be3 Nf6 7. Bc4 O-O 8.
Bb3 d6 9. h3 Bd7 10. O-O Rc8 11. f4 Nh5 12. f5 Ne5 13. Nd5 e6 14. fxe6 fxe6 15.
Rxf8+ Qxf8 16. g4 Nc4 17. gxh5 exd5 18. Bxc4 Rxc4 19. c3 Qe7 20. h6 Qxe4 21.
Qd2 Be5 22. Re1 Bxh3 23. Bg5 Qg4+ 24. Kh1 Rxd4 25. cxd4 Qf3+ 26. Kg1 Bxd4+ 27.
Be3 Qg3+ 28. Kh1 Bg2+ 29. Qxg2 Qxe1+ 0-1